Vzorní rodičia

Bibliographic Details
Main Author: Šimulčíková, Jana, 1937-2025 (Author)
Format: Article
Language:Slovak
Subjects:

MARC

LEADER 00000nab a2200000 a 4500
001 vtls000072789
003 SK-MaSNL
005 20260305003204.0
008 111103c1980 xo 0 slo
015 |a SNBRB19rr/mm-uuuuu 
035 |a CL0082890 
040 |a SNKBUCL  |b slo  |c SNKBUCL  |e AACR2 
041 0 |a slo 
044 |a xo  |c SK 
080 |a 885.4-7  |2 1981 
100 1 |a Šimulčíková, Jana,  |d 1937-2025  |4 aut  |9 190254 
245 1 0 |a Vzorní rodičia  |c Jana Šimulčíková 
650 0 7 |a fejtóny humoristické  |2 snkbucl  |9 900451 
655 7 |a články z novín a časopisov  |2 snkbucl  |9 267496 
655 7 |a články z odboru literárna veda a krásna literatúra  |2 snkbucl  |9 770045 
773 0 |t Nedeľná Pravda  |g Roč. 13, č. 43 (1980), s. 16 
850 |a Slovenská národná knižnica v Martine  |a MTA001 
852 |a SNK  |b KIS3GCP 
958 |a RK 
958 |a LX 
992 |a RBX 
999 |c 3228939  |d 3230869